000 00342nam a2200097Ia 4500
008 220120s9999||||xx |||||||||||||| ||und||
100 _aAshrith, Jaswin babu, Guru krishna, Sarath p p
_912805
245 0 _aCoffee cleaning And Bogging Machine
260 _aCoorg Institute of Technology
_bPonnampet
_c2019
650 _aELECTRONICS AND COMMUNICATIONS
999 _c138405
_d138405